000 01523nam0a22002411 4500
001 rc\4229730
005 20260412041430.0
035 _a(NLR Aleph) 008225490
090 _a8183080
_c8183080
100 _a20130416a19629999|||y0rusy50 ca
101 0 _arus
102 _aRU
105 _ay z |||||
200 1 _aСборник научных трудов Кафедры хирургических болезней Стоматологического факультета Алма-Атинского ордена Трудового Красного Знамени государственного медицинского института и врачей Алма-Атинской ордена Ленина железной дороги
_fВрачеб.-сан. служба Алма-Ат. ж. д., Алма-Ат. гос. мед. ин-т
210 _aАлма-Ата
_cБ. и.
_d1962-
300 _aВ надзаг. также: М-во здравоохранения КазССР
710 0 2 _aАлма-Атинский медицинский институт им. С. Д. Асфендиярова
_bКафедра хирургических болезней
_3RU\NLR\AUTH\889927322
_9350291
801 0 _aRU
_bNLR
_gpsbo
801 1 _aRU
_bELAR
_2rusmarc
830 _aПеречень имеющихся в библиотеке томов, номеров, годов этого издания смотри в каталоге периодических изданий
852 _aNLR
_jП17/308
942 _cBOOK
980 _aNB